Brain building and soul growth: (Record no. 6192)

MARC details
000 -LEADER
fixed length control field 00566nam a22001937a 4500
003 - CONTROL NUMBER IDENTIFIER
control field GBCCL
005 - DATE AND TIME OF LATEST TRANSACTION
control field 20241126110558.0
008 - FIXED-LENGTH DATA ELEMENTS--GENERAL INFORMATION
fixed length control field 180503b ||||| |||| 00| 0 eng d
040 ## - CATALOGING SOURCE
Transcribing agency gbc
082 ## - DEWEY DECIMAL CLASSIFICATION NUMBER
Classification number 252
Item number WIN
100 ## - MAIN ENTRY--PERSONAL NAME
Personal name Winrod, Gerald B.
9 (RLIN) 11128
245 ## - TITLE STATEMENT
Title Brain building and soul growth:
Remainder of title And other messages /
Statement of responsibility, etc. Gerald B. Winrod
260 ## - PUBLICATION, DISTRIBUTION, ETC.
Place of publication, distribution, etc. Wichita:
Name of publisher, distributor, etc. Defender Publishers,
Date of publication, distribution, etc. 1954
300 ## - PHYSICAL DESCRIPTION
Extent 70 p.;
Dimensions 21 cm.
650 ## - SUBJECT ADDED ENTRY--TOPICAL TERM
Topical term or geographic name entry element Apologetics
9 (RLIN) 85
650 ## - SUBJECT ADDED ENTRY--TOPICAL TERM
Topical term or geographic name entry element Bible
Form subdivision Job
General subdivision Criticism, Interpretation, etc.
9 (RLIN) 9303
650 ## - SUBJECT ADDED ENTRY--TOPICAL TERM
Topical term or geographic name entry element Sermons
9 (RLIN) 6067
942 ## - ADDED ENTRY ELEMENTS (KOHA)
Source of classification or shelving scheme Dewey Decimal Classification
Koha item type Books
Koha issues (borrowed), all copies 1
Holdings
Withdrawn status Lost status Source of classification or shelving scheme Damaged status Not for loan Home library Current Library Shelving location Date acquired Total checkouts Full call number Barcode Date last seen Date last checked out Copy number Price effective from Koha item type
    Dewey Decimal Classification     GRACE BIBLE COLLEGE GRACE BIBLE COLLEGE Ministry & Mission 2018-05-03 1 252 WIN 002240 2025-05-01 2019-03-08 c.1 2018-05-03 Books
© Grace Bible College Library 2025